Становление европейской системы государств: Англия и Габсбурги на рубеже двух эпох

Bibliografiske detaljer
Hovedforfatter: Ивонин Ю. Е. Юрий Евгеньевич
Sprog:russisk
Udgivet: Минск, Университетское, 1989
Fag:
Format: MixedMaterials Bog
KOHA link:https://koha.lib.tpu.ru/cgi-bin/koha/opac-detail.pl?biblionumber=251538

MARC

LEADER 00000nam0a2200000 4500
001 251538
005 20240508144708.0
010 |a 5785502372 
035 |a (RuTPU)RU\TPU\book\273842 
090 |a 251538 
100 |a 20140221d1989 m y0rusy50 ca 
101 0 |a rus 
102 |a BY 
105 |a y z 001zy 
200 1 |a Становление европейской системы государств: Англия и Габсбурги на рубеже двух эпох  |f Ю. Е. Ивонин 
210 |a Минск  |c Университетское  |d 1989 
215 |a 199 с. 
320 |a Библиогр.: с. 187-198. 
602 |a Габсбурги  |f 1282-  |7 ca  |8 rus  |c династия, правившая в Австрии, императоры Священной Римской империи, короли Испании  |9 456 
606 1 |a Великобритания  |x История  |z 16 в.-1918  |2 stltpush  |3 (RuTPU)RU\TPU\subj\67631  |9 83352 
610 1 |a Англия 
610 1 |a Германия 
610 1 |a государственная система 
610 1 |a политическая история 
686 |a Т3(4Вл)5  |2 rubbk 
700 1 |a Ивонин  |b Ю. Е.  |g Юрий Евгеньевич 
801 1 |a RU  |b 63413507  |c 20140221 
801 2 |a RU  |b 63413507  |c 20140227  |g RCR 
942 |c BK